COIR (Record no. 17319)

MARC details
000 -LEADER
fixed length control field 00417nam a2200145Ia 4500
022 ## - INTERNATIONAL STANDARD SERIAL NUMBER
ISSN 0530-0495
245 #0 - TITLE STATEMENT
Title COIR
260 ## - PUBLICATION, DISTRIBUTION, ETC. (IMPRINT)
Name of publisher The Coir Board, Cochin
Place of publication India
310 ## - CURRENT PUBLICATION FREQUENCY
Current publication frequency Q
500 ## - GENERAL NOTE
General note Ending Volume & Year: 33, 1989
500 ## - GENERAL NOTE
General note Missing Volume: 6;11-14;16-19;23(3);24(2);26(3-4);28(1);29;31;33(2)
500 ## - GENERAL NOTE
General note Starting Volume & Year: 1, 1956
942 ## - ADDED ENTRY ELEMENTS (KOHA)
Koha item type Bound Journal
Holdings
Withdrawn status Lost status Damaged status Not for loan Home library Current library Date acquired Accession Number Koha item type
      Bound journals RRII Library RRII Library 31/12/2021 17077J Bound Journal